01291nam a2200301 i 4500003000900000005001700009007000300026008004100029040003000070082003200100100005600132245006100188250005500249264003400304300002400338336002700362337003300389338002800422500022900450500007300679500003700752590002600789650006100815650006700876910001500943942001400958999001700972DO-SdBNP20240619091401.0ta090824s1999 dr 001 0 spa d aDO-SdBNPbspacBNPHUerda 4a344.729301bH557m, 19992221 aHernández Rueda, Lupo, d1930 -2017925215eautor10aManual de derecho del trabajo /cLupo Hernández Rueda. aoctava edición ampliada, corregida y actualizada aSano Domingo :bDalis,c1999. avolumenes ;c23 cm. 2rdacontentatextobtxt 2rdamediaasin mediaciónbn 2rdacarrieravolumenbnc aOctava edición ampliada, corregida y actualizada con las reformas introducidas por el Código del Trabajo de 1992 y el reglamento para su aplicación y modificaciones introducidas por las leyes nos. 97-97, 204-97 y 95-98 aIncluye referencias bibliográficas y notas al pie de las páginas aLa biblioteca posee el volumen 1 aInventariado, 2024/BT 4aDerecho laboralzRepública DominicanavManuales916403 4aLegislación laboralzRepública DominicanavManuales916404 aBtavárez 2ddccLBS1 c56885d56885